| 000 | 00927cac a22002531u 4500 | ||
|---|---|---|---|
| 090 | _c4715 | ||
| 008 | 081106t1994 xxu||||| |||| 00| 0 eng d | ||
| 020 | _a0863772803 (pbk) : | ||
| 020 | _a086377279X : | ||
| 020 | _a0863772803 : | ||
| 020 | _a0863772803 : | ||
| 022 | _a09659706 : | ||
| 082 |
_a155.09 20 _bB9885 |
||
| 100 | _aButterworth, George | ||
| 245 |
_aPrinciples of developmental psychology / _cGeorge Butterworth and Margaret Harris. |
||
| 260 |
_aHove : _bLawrence Erlbaum, _cc1994. |
||
| 300 |
_a x, 277p. _c24 cm. |
||
| 504 | _aincludes bibliographical references and index | ||
| 650 | _aDevelopmental psychology History | ||
| 700 |
_aHarris, Margaret, _c1951- |
||
| 830 | _a( The principles of psychology series.) | ||
| 942 |
_cBB _k155.09 20B9885 _2ddc |
||
| 999 |
_c4715 _d4715 |
||